Zdaňovanie vozidiel za rok 2021

Vyrovananie dane z motorových vozidiel. Novela zákona z decembra 2020 sa dotýka podania daňového priznania, výpočtu a platenia preddavkov na daň. Prijaté zmeny a ustanovenia, ustálené počas predchádzajúcich rokov. Parametre pre priradenie ročnej sadzby dane vozidlu. Kombinovaná doprava. "Adresná" os...

ver descrição completa

Na minha lista:
Detalhes bibliográficos
Autor principal: Fülöpová, Jana
Formato: Capítulo de Livro
Idioma:eslovaco
Assuntos:
Tags: Adicionar Tag
Sem tags, seja o primeiro a adicionar uma tag!

MARC

LEADER 00000naa a2200000 4500
001 0282147
005 20240417075155.8
041 0 |a slo 
044 |a SK 
245 1 0 |a Zdaňovanie vozidiel za rok 2021  |c Jana Fülöpová 
520 |a Vyrovananie dane z motorových vozidiel. Novela zákona z decembra 2020 sa dotýka podania daňového priznania, výpočtu a platenia preddavkov na daň. Prijaté zmeny a ustanovenia, ustálené počas predchádzajúcich rokov. Parametre pre priradenie ročnej sadzby dane vozidlu. Kombinovaná doprava. "Adresná" osoba s povinnosťou zdaniť predmet dane. Kedy vzniká daňová povinnosť? Zánik daňovej povinnosti. Zdaňovacie obdobie a splatnosť dane. Výpočet dane alebo pomernej časti dane. 
610 2 0 |a vozidlá motorové 
610 2 0 |a zdaňovanie 
610 2 0 |a dane 
610 2 0 |a dane z vozidiel motorových 
610 2 0 |a obdobie zdaňovacie 
610 2 0 |a sadzby daňové 
100 1 |a Fülöpová, Jana